Loading...
| Literature - European | 0 | 5 | 0 | 0 | 50 | 68 | 109.80 | 1 | 2 | 0.00 | 0.00 |
| Science - Biology | 0 | 5 | 2 | 0 | 40 | 22 | 63.20 | 3 | 4 | 0.00 | 0.00 |
| Social Science | 0 | 3 | 0 | 0 | 30 | 20 | 45.33 | 1 | 2 | 0.00 | 0.00 |
| Science - Chemistry | 0 | 3 | 0 | 0 | 30 | 67 | 84.67 | 0 | 2 | 0.00 | 0.00 |
| History - American | 0 | 2 | 0 | 0 | 20 | 59 | 77.50 | 0 | 2 | 0.00 | 0.00 |
| Literature - World | 0 | 2 | 0 | 0 | 20 | 91 | 96.50 | 0 | 1 | 0.00 | 0.00 |
| Mythology | 0 | 2 | 0 | 0 | 20 | 102 | 117.00 | 0 | 1 | 0.00 | 0.00 |
| Other Academic | 0 | 2 | 0 | 0 | 20 | 87 | 87.50 | 0 | 0 | 0.00 | 0.00 |
| History - European | 0 | 2 | 0 | 0 | 20 | 34 | 66.50 | 1 | 2 | 0.00 | 0.00 |
| Fine Arts - Classical Music | 0 | 2 | 1 | 0 | 15 | 114 | 124.50 | 0 | 1 | 0.00 | 0.00 |
| Fine Arts - Other | 0 | 2 | 1 | 1 | 15 | 95 | 105.50 | 0 | 2 | 0.00 | 0.00 |
| Religion | 0 | 2 | 1 | 0 | 15 | 69 | 83.50 | 0 | 2 | 0.00 | 0.00 |
| History - Other | 0 | 1 | 0 | 0 | 10 | 87 | 87.00 | 0 | 0 | 0.00 | 0.00 |
| Popular Culture | 0 | 1 | 0 | 1 | 10 | 132 | 132.00 | 0 | 0 | 0.00 | 0.00 |
| Current Events | 0 | 1 | 0 | 1 | 10 | 87 | 87.00 | 0 | 0 | 0.00 | 0.00 |
| Philosophy | 0 | 1 | 0 | 0 | 10 | 66 | 66.00 | 1 | 1 | 0.00 | 0.00 |
| Literature - American | 0 | 2 | 2 | 0 | 10 | 95 | 101.00 | 0 | 0 | 0.00 | 0.00 |
| History - World | 0 | 1 | 1 | 0 | 5 | 85 | 85.00 | 0 | 1 | 0.00 | 0.00 |
| Literature - British | 0 | 0 | 1 | 0 | -5 | 0.00 | 0 | 0 | 0.00 | 0.00 |